00734 2200217 4500001002100000005001500021035002000036007000300056008004100059082002000100084002600120100002600146245013200172260006900304300002600373650001600399650001900415520002400434856003400458990002400492INLIS00000000000829320260428093342 a0010-0426000142ta260428 0 ind  a631.582:633.1/3 a631.582:633.1/3 TAF d0 aTAFAKRESNANTO, Chendy1 aDukungan Inovasi Pertanian Untuk Peningkatan Indexs Pertanaman (IP) P Jagung Kedelai (PAJALE)Lahan Kering Dan Sawah Tadah Hujan aMalang :bBalai Pengkajian Teknologi Pertanian Jawa Timur,c2017 a56p. :bIlus ;c29 cm 4aPeningkatan 4aJagung Kedelai aLaporan Akhir Tahun aPerpustakaan BBRMP Jawa Timur a434/2026/BBRMPJATIM